| 000 | 00552 a2200193 4500 | ||
|---|---|---|---|
| 005 | 20250514144310.0 | ||
| 008 | 250514b |||||||| |||| 00| 0 eng d | ||
| 020 |
_a9788197277436 _cRs. 1995.00 |
||
| 040 | _aMAIN | ||
| 082 |
_a658.4092 _bN169L |
||
| 100 | _aNarula, Jaspreet | ||
| 245 | _aLeadership management skills: As per new education policy guidelines | ||
| 260 |
_bYking Books _c2024 _aNew Delhi |
||
| 300 | _a256 | ||
| 440 | _aNew life skills courses series; 6 | ||
| 650 | _aManagement | ||
| 650 | _aLeadership Management | ||
| 942 | _cBK | ||
| 999 |
_c360417 _d360417 |
||